00678nam a2200229Ia 4500003000900000008004100009040001300050040001300063041000800076100001600084245004600100250000900146260001000155260000900165300001100174300001000185490002500195490000600220942000700226999001700233952019800250IT-RoPAU120407s9999 xx 000 0 und d aIT-RoPAU cIT-RoPAU aita aGiusti Wolf aI compagni di Dostoevskij rivoluzionario. aRoma aAbete c1976 a218 p. c21 cm aItinerari storici, 3 v1 cBK c29115d29115 00102ddc406947_29000000000000071aPAULUSbPAULUSd2012-04-11l0o947.29r2012-04-11 00:00:00w2012-04-11yBKzInserito da: Anna In data: 12 settembre 2011 fondo: Via A.Severo 56 Progr:10714